Statystyki dla Wypisz Wszystkie Flagi, Które... #3

Kliknij tutaj aby rozwiązać quiz!

Ogólne statystyki

  • Ten quiz został rozwiązany 248 razy
    (216 od ostatniego zresetowania)
  • Średni wynik to 15 z 37

Statystyki odpowiedzi

Odpowiedź% Poprawnych
Mozambik
71%
Kambodża
63%
Angola
60%
Meksyk
57%
Bhutan
54%
Albania
53%
Hiszpania
50%
Mołdawia
48%
Sri Lanka
47%
Andora
45%
Egipt
45%
Dominika
44%
Arabia Saudyjska
43%
Zambia
43%
San Marino
41%
Serbia
41%
Afganistan
40%
Ekwador
40%
Ekwador
40%
Papua Nowa Gwinea
40%
Zimbabwe
40%
Czarnogóra
38%
Kenia
38%
Portugalia
36%
Haiti
35%
Kazachstan
34%
Gwatemala
33%
Uganda
33%
Kiribati
32%
Dominikana
31%
Eswatini
30%
Barbados
27%
Peru
27%
Chorwacja
26%
Wenezuela
26%
Fidżi
25%
Malta
24%

Rozkład punktacji

Percentyl według liczby udzielonych odpowiedzi

Procent ludzi z każdym wynikiem

Twoja historia wyników

Nie rozwiązałeś tego quizu od ostatniego zresetowania